| 000 | 01141cam a2200325 i 4500 | ||
|---|---|---|---|
| 001 | 21191870 | ||
| 008 | 190904t20202020nyua b 001 0 eng d | ||
| 010 | _a 2019949665 | ||
| 020 |
_a9780190067717 _q(hbk.) |
||
| 020 |
_a0190067713 _q(hbk.) |
||
| 020 |
_z9780190067724 _q(pbk.) |
||
| 020 |
_z0190067721 _q(pbk.) |
||
| 035 | _a(OCoLC)on1112423917 | ||
| 040 |
_aYDX _beng _cCUZ _erda _dOCLCQ _dYDX _dCLU _dOCLCF _dUKMGB _dOCLCQ _dDLC |
||
| 050 | 0 | 0 |
_aPN1995.9.P6 _bDIE |
| 100 | 1 |
_aDienstag, Joshua Foa, _d1965- _eauthor. |
|
| 245 | 1 | 0 |
_aCinema pessimism : _ba political theory of representation and reciprocity / _cJoshua Foa Dienstag. |
| 264 | 1 |
_aNew York, NY : _bOxford University Press, _c[2020] |
|
| 300 |
_ax, 179 pages : _billustration ; _c22 cm |
||
| 336 |
_atext _btxt |
||
| 337 |
_aunmediated _bn |
||
| 338 | _2rdacarrier | ||
| 650 | 0 | _aMotion pictures | |
| 650 | 0 | _aMotion pictures | |
| 650 | 0 | _aRepresentative government and representation | |
| 650 | 7 | _aMotion pictures | |
| 650 | 7 | _aMotion pictures | |
| 942 | _cOS | ||
| 999 |
_c44527 _d44527 |
||